Constructing the canon of early modern drama
Uloženo v:
| Hlavní autor: | |
|---|---|
| Médium: | Kniha |
| Jazyk: | angličtina |
| Vydáno: |
Cambridge University Press
2014.
|
| Tagy: |
Přidat tag
Žádné tagy, Buďte první, kdo vytvoří štítek k tomuto záznamu!
|
MARC
| LEADER | 00000nam a22000007a 4500 | ||
|---|---|---|---|
| 008 | 230110b |||||||| |||| 00| 0 eng d | ||
| 020 | |a 9781107030572 | ||
| 100 | |a Lopez, Jeremy. | ||
| 245 | |a Constructing the canon of early modern drama |c Jeremy Lopez, | ||
| 260 | |b Cambridge University Press |c 2014. |h Cambridge, United Kingdom. |i 699613 |i 699614 |i 699615 |l PR 651. L88 |m English drama--Early modern and Elizabethan, 1500-1600--History and criticism |m Canon (Literature) |m LITERARY CRITICISM / European / English, Irish, Scottish, Welsh | ||
| 500 | |a Includes bibliographical references and index | ||
| 942 | |a lcc |c BK |e Adeyeye Y. S. |f 10-02 - 2023 | ||
| 952 | |0 0 |1 0 |2 lcc |4 0 |6 PR0651 L88 |7 0 |9 4118 |a HOL |b ART |c LP |d 2023-01-10 |l 0 |o PR 651 . L88 |p 2023-0049 |r 2023-01-10 00:00:00 |w 2023-01-10 |y BK | ||
| 952 | |0 0 |1 0 |2 lcc |4 0 |6 PR0651 L88 |7 0 |9 4119 |a HOL |b ART |c LP |d 2023-01-10 |l 0 |o PR 651 . L88 |p 2023-0050 |r 2023-01-10 00:00:00 |w 2023-01-10 |y BK | ||
| 952 | |0 0 |1 0 |2 lcc |4 0 |6 PR0651 L88 |7 0 |9 4120 |a HOL |b ART |c LP |d 2023-01-10 |l 0 |o PR 651 . L88 |p 2023-0051 |r 2023-01-10 00:00:00 |w 2023-01-10 |y BK | ||
| 999 | |c 2065 |d 2065 | ||